| 000 | 00525nmm a2200169Ia 4500 | ||
|---|---|---|---|
| 008 | 251105s9999||||xx |||||||||||||||||und|| | ||
| 020 | _a9788437065465 | ||
| 041 | _aspa | ||
| 100 | _aSoriano del Castillo, José Miguel | ||
| 245 | 0 | _aNutrición básica humana | |
| 264 |
_a[Madrid, España] : _bPublicaciones de la Universidad de Valencia (PUV), _c2006 |
||
| 300 | _a428 páginas | ||
| 490 | _aEducació. Serie materials | ||
| 650 | _aMedicine | ||
| 856 | _uhttps://public.digitaliapublishing.com/a/35160 | ||
| 942 | _cCF | ||
| 999 |
_c82363 _d82363 |
||